ბათუმის შოთა რუსთაველის სახელმწიფო უნივერსიტეტის ბიბლიოთეკა

Orthotics & prosthetics in rehabilitation / (ბიბ.ჩანაწერი № 57424)

000 -LEADER
fixed length control field 00922cam a2200265 i 4500
001 - CONTROL NUMBER
control field 18082805
005 - DATE AND TIME OF LATEST TRANSACTION
control field 20221107122715.0
008 - FIXED-LENGTH DATA ELEMENTS--GENERAL INFORMATION
fixed length control field 140326s2013 moua b 001 0 eng
010 ## - LIBRARY OF CONGRESS CONTROL NUMBER
LC control number 2013372098
020 ## - INTERNATIONAL STANDARD BOOK NUMBER
International Standard Book Number 9781437719369 (hbk) X
041 ## - LANGUAGE CODE
Language code of text/sound track or separate title eng
080 ## - UNIVERSAL DECIMAL CLASSIFICATION NUMBER
Universal Decimal Classification number 617.3 L-96
100 1# - MAIN ENTRY--PERSONAL NAME
Personal name Lusardi, Michelle M.
9 (RLIN) 8543
245 10 - TITLE STATEMENT
Title Orthotics & prosthetics in rehabilitation /
Statement of responsibility, etc. Michelle M. Lusardi, Millee Jorge, Caroline C. Nielsen
246 3# - VARYING FORM OF TITLE
Title proper/short title Orthotics and prosthetics in rehabilitation
250 ## - EDITION STATEMENT
Edition statement Third edition.
264 #1 - PRODUCTION, PUBLICATION, DISTRIBUTION, MANUFACTURE, AND COPYRIGHT NOTICE
Place of production, publication, distribution, manufacture St. Louis, Missouri :
Name of producer, publisher, distributor, manufacturer Elsevier/Saunders,
Date of production, publication, distribution, manufacture, or copyright notice 2013.
300 ## - PHYSICAL DESCRIPTION
Extent 851 pages :
Other physical details illustrations ;
Dimensions 29 cm.
653 ## - INDEX TERM--UNCONTROLLED
keyword ორთოპედია
653 ## - INDEX TERM--UNCONTROLLED
keyword ინპლანტები
653 ## - INDEX TERM--UNCONTROLLED
keyword მედიცინა
700 1# - ADDED ENTRY--PERSONAL NAME
Personal name Jorge, Milagros.
Relator term ავტორი
9 (RLIN) 8548
700 1# - ADDED ENTRY--PERSONAL NAME
Personal name Nielsen, Caroline C.
Relator term ავტორი
9 (RLIN) 8549
942 ## - ADDED ENTRY ELEMENTS (KOHA)
Source of classification or shelving scheme
Koha item type წიგნი
ეგზემპლარები
Withdrawn status Lost status Source of classification or shelving scheme Damaged status Not for loan Permanent Location Current Location Shelving location Date acquired Cost, normal purchase price Full call number Barcode Date last seen Copy number Price effective from Koha item type Public note
          ბათუმის შოთა რუსთაველის სახელმწიფო უნივერსიტეტის მთავარი ბიბლიოთეკა ბათუმის შოთა რუსთაველის სახელმწიფო უნივერსიტეტის მთავარი ბიბლიოთეკა წიგნსაცავი 2020-06-18 306.00 617.3 L-96 60620 2020-06-18 60620 2020-06-18 წიგნი 306 ლ.